000 00595nam a2200229Ia 4500
003 OSt
005 20221007074144.0
006 a|||||r|||| 00| 0
007 ta
008 221006b |||||||| |||| 00| 0 eng d
024 _a25,586
037 _cTextual
040 _aFLL
_cFLL
_beng
041 _2eng
_aeng
082 _aZz7, J7
100 _aRajagopalan K.V.
_9692604
245 0 _aIn and out of the law
260 _aMadras
_bP. Varadachary & Co. India
_c1957
300 _aix,1-211p
_ccm.
942 _hZz7, J7
_cTEXL
_2CC
999 _c1151365
_d1151365